| 000 | 00625nam a2200241 a 4500 | ||
|---|---|---|---|
| 001 | nice12345678 | ||
| 003 | IN_TiNIC | ||
| 005 | 20260116012913.0 | ||
| 008 | 050524s1986 newa grp 000 0 eng | ||
| 020 |
_a _c100 |
||
| 082 | 0 | 0 |
_a954.84 _bBAW2 |
| 100 | _aBawa, Vasant Kumar | ||
| 245 |
_aNizam Between Mughals and British _b Hyderabad Under Salar Jung I |
||
| 260 |
_aNew Delhi _bS. Chand and Company _c1986 |
||
| 300 | _a264p | ||
| 500 | _aincludes index and biblioraphy | ||
| 505 | 2 | _aIndex | |
| 650 | _aHyderabad-History | ||
| 700 | 1 | _aBawa, Vasant Kumar | |
| 902 | _bSRS | ||
| 942 | _cBK | ||
| 999 |
_c8826 _d8826 |
||